00418cam a2200157ua 4500001000400000008003900004040000900043082001000052245005400062250000900116260003600125300002000161653002300181653002800204700002800232718110413n ii |||gr||||Z||||||eng cMAIN a320.3 aComparative government.cBy Jogendra Nath Barman. a1st. aKokrajhar.:bBina library.,967. a390 p.:c20 cm. aPolitical science. aComparative government.1 aBarman, Jogendra Nath.,